Salvation /
| Main Author: | |
|---|---|
| Other Authors: | , |
| Format: | Book |
| Language: | English German Yiddish |
| Published: |
New York :
G. P. Putnam's sons,
1934.
|
MARC
| Tag | First Indicator | Second Indicator | Subfields |
|---|---|---|---|
| LEADER | 00000cam a2200000 4500 | ||
| 001 | in00000717421 | ||
| 005 | 20151016060636.0 | ||
| 008 | 740531s1934 nyu 00010 eng u | ||
| 010 | |a 34030866 | ||
| 035 | |a (OCoLC)00905804 | ||
| 035 | |9 ADD0495AM | ||
| 040 | |c KSU |d TXA |d UtOrBLW | ||
| 041 | 1 | |a eng |a ger |a yid | |
| 049 | |a TXAM |c [65198] | ||
| 050 | 0 | 0 | |a PZ3.A798 |b Sal |
| 090 | |a PJ5129.A8 |b S35 1934 | ||
| 092 | |a 892.493 |b A812s | ||
| 100 | 1 | |a Asch, Sholem, |d 1880-1957. | |
| 245 | 1 | 0 | |a Salvation / |c by Sholem Asch; translated by Willa and Edwin Muir. |
| 264 | 1 | |a New York : |b G. P. Putnam's sons, |c 1934. | |
| 300 | |a 4 pages ., 3-332 pages ; |c 22 cm. | ||
| 336 | |a text |b txt |2 rdacontent | ||
| 337 | |a unmediated |b n |2 rdamedia | ||
| 338 | |a volume |b nc |2 rdacarrier | ||
| 500 | |a "First edition." | ||
| 700 | 1 | |a Muir, Willa. | |
| 700 | 1 | |a Muir, Edwin, |d 1887-1959. | |
| 999 | |a MARS | ||
| 999 | f | f | |s 2c5cff60-27e4-3ad4-adee-b0063524c49a |i 864f79d5-0a8c-328a-9ae3-15504533ae3f |t 0 |
| 952 | f | f | |p ric |a Texas A&M University |b Rellis Campus |c Joint Library Facility |d Remote Storage |t 0 |e PJ5129.A8 S35 1934 |h Library of Congress classification |i unmediated -- volume |m A14801397546 |
| 998 | f | f | |a PJ5129.A8 S35 1934 |t 0 |l Remote Storage |